Statistics for First Generation Grass-Type Pokemon

Click here to take the quiz!

General Stats

  • This quiz has been taken 22 times
  • The average score is 13 of 14

Answer Stats

Pokemon% Correct
Bulbasaur
100%
Ivysaur
100%
Venusaur
100%
Gloom
95%
Oddish
95%
Vileplume
95%
Bellsprout
89%
Paras
89%
Parasect
89%
Tangela
89%
Victreebel
89%
Weepinbell
89%
Exeggcute
68%
Exeggutor
63%

Score Distribution

Percentile by Number Answered

Percent of People with Each Score

Your Score History

You have not taken this quiz